Statistics for South American Vehicle Codes - Click Quiz

Click here to take the quiz!

General Stats

  • This quiz has been taken 47 times
  • The average score is 11 of 12

Answer Stats

HintAnswer% Correct
ECEcuador
100%
BOLBolivia
97%
GUYGuyana
97%
PYParaguay
97%
PEPeru
97%
SMESuriname
97%
BRBrazil
95%
COColombia
95%
ROUUruguay
95%
RAArgentina
89%
YVVenezuela
89%
RCHChile
86%

Score Distribution

Percentile by Number Answered

Percent of People with Each Score

Your Score History

You have not taken this quiz